Female Rulers - Statistics

General Stats
  • This quiz has been taken 69 times
    50 since last reset
  • The average score is 16 of 53
Answer Stats
Clue Answer % Correct
Last Pharaoh of Ptolemaic Egypt Cleopatra VII
93%
The Catholic Queen of Castille Isabella I of Castile
93%
Famous Queen Regent of France Catherine de' Medici
86%
Tsarina of Russia, The Great Catherine II of Russia
84%
Queen of the UK, Grandmother of Europe Queen Victoria
84%
Queen of England, defeated the Spanish Armada Elizabeth I of England
77%
Powerful Duchess of Burgundy, The Rich Mary of Burgundy
77%
Iron Lady, Prime Minister of the UK Margaret Thatcher
67%
3rd Indian Prime Minister Indira Gandhi
65%
8th Chancellor of Germany Angela Merkel
63%
Brittonic Queen of the Iceni Boudica
51%
Founder of Carthago Dido
49%
Duchess of Aquitaine Eleanor of Aquitaine
47%
Queen Dowager of Qing China, The Dragon Lady Empress Cixi
44%
4th Israeli Prime Minister Golda Meir
44%
12th Prime Minister of Pakistan Benazir Bhutto
42%
Queen of Sweden, The Minerva of the North Christina of Sweden
42%
President, Vice President and First Lady of Argentina Isabel Martínez de Perón
40%
Archduchess of Austria, Queen of Bohemia, Hungary and Croatia Maria Theresa
40%
Only Empress regnant of China Wu Zetian
40%
"The most accomplished" Pharaoh of Egypt Hatshepsut
35%
State Counsellor of Myanmar, Nobel Prize Aung San Suu Kyi
33%
The She-Wolf of France, Regent of England Isabella of France
33%
Founder of the Kalmar Union Margaret I of Denmark
33%
11th President of Philipines Corazon Aquino
26%
Queen of Georgia during its Golden Age, The Great Tamar of Georgia
23%
Biblical Judge of Israel Deborah
19%
24th President of Liberia Ellen Johnson Sirleaf
19%
Margravina/Countess of Tuscany, la Gran Contessa Matilda of Tuscany
19%
Queen of León, Castile and Galicia Urraca of León
16%
Queen of Palmyra who fought the Romans Zenobia
16%
8th Prime Minister of Norway, sustainable development Gro Harlem Brundtland
14%
Peaceful Queen of Croatia, The Glorious Helen I of Croatia
14%
32nd/34th President of Chile Michelle Bachelet
14%
Greek Queen of Halicarnassus, fought in the Persian Wars Artemisia I of Caria
12%
Warring Queen of Madagascar Ranavalona I of Madagascar
12%
Sultana of Delhi, 1st Muslim female monarch Razia Sultana
9%
1st Byzantine female ruler Irene of Athens
7%
Vietnamese warrior and ruler sisters Trưng Trắc and Trưng Nhị
7%
3 times Queen Regent of Austrasia Brunhilda
5%
Regent and Valide Sultan of the Ottoman Empire Turhan Hatice Sultan
5%
Regent of Ejisu, War-leader of the Ashanti Empire Yaa Asantewaa
5%
117th Empress of Japan Empress Go-Sakuramachi
2%
Sultana of Egypt Shajar al-Durr
2%
6th Prime Minister of Sri Lanka, served three times Sirimavo Bandaranaike
2%
Queen Regent of the Illyrian Adiaei, in war with Rome Teuta of Illyria
2%
Roman Empress believed to reign in her own Ulpia Severina
2%
Longest-reigning ruler of Yemen Arwa al-Sulayhi
0%
37th Prime Minister of New Zealand Helen Clark
0%
24th Prime Minister of Iceland Jóhanna Sigurðardóttir
0%
Beloved Begum do Principado de Bhopal Shahjahan Begum
0%
14th Sultana of Aceh Taj ul-Alam
0%
Conqueror Regent Khatun of the Mongol Empire Töregene Khatun
0%
No matching quizzes found
Score Distribution
Percent of People with Each Score
Percentile by Number Answered
Your Score History
You have not taken this quiz since the last reset